000 00467cam a2200181ua 4500
020 _c6.80
041 _aeng
_h
082 _a826
_bCHE/LO
100 _aChesterfield, Lord .
245 _aLord Chesterfield`s letters to his son and others /
_cLord Chesterfield.
_hTextual Documents
250 _a1 /
_b.
260 _aLondon :
_bJ M Dent and Sons Ltd ,
_c1959.
300 _a314 ; .
365 _a6.80
504 _a
942 _cBK
999 _c7852
_d7852